000 00727nam a2200265Ia 4500
003 OSt
005 20221007111816.0
006 a|||||r|||| 00| 0
007 ta
008 221006b |||||||| |||| 00| 0 hin d
020 _a8189479423
024 _a24,338
037 _cTextual
040 _aLCO
_cLCO
_bhin
041 _2hin
_ahin
082 _aY5927:(Z2), P8
100 _aHuman Rights Law Network
_9402706
245 0 _aChhuachhoot se jung,
260 _aNew
_bDelhi Human Rights Law Network India
_c2008
300 _a144
500 _aBhartiya Jan Nyayadhikaran
650 _achhuachhoot
_9708528
942 _hY5927:(Z2), P8
_cTEXL
999 _c1193901
_d1193901